书目信息 |
| 题名: |
艺术品管理新逻辑
|
|
| 作者: | 赵书波 编著 | |
| 分册: | ||
| 出版信息: | 北京 社会科学文献出版社 2016 |
|
| 页数: | 203页 | |
| 开本: | 24cm | |
| 丛书名: | 文化发展学术文丛 | |
| 单 册: | ||
| 中图分类: | F768.7 | |
| 科图分类: | ||
| 主题词: | 艺术品--yi shu pin--经营管理--研究 | |
| 电子资源: | ||
| ISBN: | 978-7-5097-8925-4 | |
| 000 | 01263nam0 22002771 450 | |
| 001 | 1760966118 | |
| 005 | 20170619171942.0 | |
| 010 | @a978-7-5097-8925-4@dCNY58.00 | |
| 100 | @a20160616d2016 em y0chiy50 ea | |
| 101 | 0 | @achi |
| 102 | @aCN@b110000 | |
| 105 | @ay z 000yy | |
| 106 | @ar | |
| 200 | 1 | @a艺术品管理新逻辑@9yi shu pin guan li xin luo ji@e基于互联网+分享经济的探讨@dNew logic of art management@ediscussion based on internet + sharing economy@f赵书波编著@zeng |
| 210 | @a北京@c社会科学文献出版社@d2016 | |
| 215 | @a203页@d24cm | |
| 225 | 2 | @a文化发展学术文丛@9wen hua fa zhan xue shu wen cong |
| 330 | @a本书在艺术品市场化的背景下,就“互联网+”带来的艺术品产业变化、“互联网+”如何推动艺术品进入分享经济模式以及未来的艺术品产业管理等问题展开讨论,重点在于回答在“互联网+”分享经济背景下如何实现艺术品产业的有效管理。 | |
| 461 | 0 | @12001 @a文化发展学术文丛 |
| 510 | 1 | @aNew logic of art management@ediscussion based on internet + sharing economy@zeng |
| 517 | 1 | @a基于互联网+分享经济的探讨@9ji yu hu lian wang +fen xiang jing ji de tan tao |
| 606 | 0 | @a艺术品@9yi shu pin@x经营管理@x研究 |
| 690 | @aF768.7@v5 | |
| 701 | 0 | @a赵书波@9zhao shu bo@f(1982~)@4编著 |
| 801 | 0 | @aCN@b百万庄@c20170617 |
| 905 | @b1013775-7@dF768.7@e55@f3 | |
| 艺术品管理新逻辑:基于互联网+分享经济的探讨=New logic of art management:discussion based on internet + sharing economy/赵书波编著.-北京:社会科学文献出版社,2016 |
| 203页;24cm.-(文化发展学术文丛) |
| ISBN 978-7-5097-8925-4:CNY58.00 |
| 本书在艺术品市场化的背景下,就“互联网+”带来的艺术品产业变化、“互联网+”如何推动艺术品进入分享经济模式以及未来的艺术品产业管理等问题展开讨论,重点在于回答在“互联网+”分享经济背景下如何实现艺术品产业的有效管理。 |
| ● |
| 相关链接 |
|
|
|
|
正题名:艺术品管理新逻辑
索取号:F768.7/55
 
预约/预借
| 序号 | 登录号 | 条形码 | 馆藏地/架位号 | 状态 | 备注 |
| 1 | 1013775 | 210137751 | 第一样本阅览室/ [索取号:F768.7/55] | 在馆 | |
| 2 | 1013776 | 210137760 | 教育系资料室/ [索取号:F768.7/55] | 在馆 | |
| 3 | 1013777 | 210137779 | 第一借阅区/ [索取号:F768.7/55] | 在馆 |